000 00651nam a2200181Ia 4500
005 20250923144558.0
008 008 250917s9999 xx 000 0 eng d
037 _aTextual
040 _aDSWL
_beng
_cDSWL
041 _aeng
_2eng
084 _aX8(D5132).9.251'N56t4, N57
_qDSWL
100 _aNangia, Subhash Chandra
_9826290
245 2 _aA survey of organisation and practicies of personnel fuovetu in the DRTA (Buses Division)
_cby Subhash Chandra Nangia.
260 _aDelhi
_bDelhi School of Social Work
_c1957
300 _a70p.
942 _cTEXL
_hX8(D5132).9.251'N56t4, N57
999 _c1440753
_d1440753